000 00653nam a2200229 a 4500
001 13484
003 BD-JhCC
005 20231016090756.0
008 231016b19902023bg | ||| ||a| 000 0 b d
020 _a9848513043
035 _a(BD-JhCC)13484
040 _aBD-JhCC
_dBD-JhCC
041 _abengali
082 _a781.657
_bRAY 2023
100 _aরায়, শঙ্কর
245 _aপ্রাথমিক রাগ মালা /
_c শঙ্কর রায় ।
260 _aঢাকা:
_bঅঞ্জলি প্রকাশনী;
_c2023.
300 _a192 p. :
_c22 cm.
650 _aMusic
942 _2ddc
_cBK
999 _c13484
_d13484